States and Territories Established in 1951 on a Map - Statistics

General Stats
  • This quiz has been taken 35 times
  • The average score is 2 of 14
Answers on the Map
Answers color-coded by a green-red scale on the quiz's map according to % correct below.
 
Answer Stats
Answer % Correct
Libya
100%
Tibet
92%
Singapore
25%
Chaco
13%
Kayah
4%
Chernozemelsky
0%
Guadiana
0%
Kandalakshsky City
0%
Khostinsky City
0%
Kirovsky City
0%
Leninsky
0%
Oktyabrsky
0%
Paracas
0%
San Pedro de Huacarpana
0%
No matching quizzes found
Score Distribution
Percent of People with Each Score
Percentile by Number Answered
Your Score History
You have not taken this quiz